000 00646cab a2200205 4500
001 WB3337-43
008 090401t1997 xxu||||| |||| 00| 0 eng d
035 _a(Sirsi) u81069
041 _aeng
245 _aHill bombshell
260 _c1997
350 _a0
490 _aFarmers' Weekly
_v127(12) 19 September 1997, 7(1)
520 _aThe decision to revert to 1996 rates for hill livestock compensatory allowances is widely criticised by the farming industry. Lists 1996 figures.
650 _aHILL FARMING
650 _aHILL LIVESTOCK COMPENSATORY ALLOWANCES SCHEME
690 _aRURAL PRACTICE
942 _n0
948 _c24/09/1997
999 _c51076
_d51076